000 00612nam a22002057a 4500
005 20251108174640.0
008 250721s2006 xx 000 0 ara d
082 1 4 _aط/932/كور
100 1 _aكورتالو، كورين
245 1 0 _aمصر الفرعونية /
264 1 _aالجزائر :
_bمنشورات الشهاب،
_c2006.
300 _a35ص.
650 1 7 _aالتاريخ
650 1 7 _aمصر
650 1 7 _aالفراعنه
653 _aاطفال مرحله متوسطه (6-9) سنوات
700 1 _aتادرس، أريت فايز
_eمترجم
942 _2ddc
_cBK
999 _c114463
_d114463